| 000 | 00608nam a2200217Ia 4500 | ||
|---|---|---|---|
| 005 | 20250508164755.0 | ||
| 008 | 008 250505s9999 xx 000 0 eng d | ||
| 020 | _a978-0-495-83252-2 | ||
| 037 | _aReference | ||
| 040 |
_aFEDL _beng _cFEDL |
||
| 041 |
_aeng _2eng |
||
| 084 |
_a001.42, ARY/RR _qFEDL |
||
| 100 |
_aAry Donald and others _9779135 |
||
| 245 | 0 | _aIntroduction to research in education | |
| 250 | _a8 | ||
| 260 |
_aAustralia _bWadsworth Cengage Learning _c2010 |
||
| 300 | _axv,669p. | ||
| 365 |
_aUSD _b40 |
||
| 942 |
_cREF _h001.42, ARY/RR |
||
| 999 |
_c1391055 _d1391055 |
||